Piłkarska kariera Łukasza Fabiańskiego. - Statystyki

Ogólne statystyki
  • Ten quiz został rozwiązany 143 razy
  • Średni wynik to 4 z 9
Statystyki odpowiedzi
Lata Drużyna % Poprawnych
2018-? West Ham
97%
2007-2014 Arsenal
88%
2005-2007 Legia Warszawa
81%
2014-2018 Swansea
71%
2004-2005 Lech Poznań
45%
2003-2004 Mieszko Gniezno
9%
?-2002 MSP Szamotuły
7%
2002-2002 Lubuszanin Drezdenko
4%
2002-2003 Sparta Brodnica
3%
Nie znaleziono quizów pasujących do podanych kryteriów
Rozkład punktacji
Procent ludzi z każdym wynikiem
Percentyl według liczby udzielonych odpowiedzi
Twoja historia wyników
Nie rozwiązałeś tego quizu